000 01023cab a2200361 4500
001 ABS59428
008 090401t1998 xxu||||| |||| 00| 0 eng d
035 _a(Sirsi) u89339
041 _aeng
245 _aFocus `98; M25 junction 16-24
260 _c1998
350 _a0
490 _aEstates Gazette
_v(9842) 17 October 1998, 89-131(15)
650 _aDACORUM
650 _aHEMEL HEMPSTEAD
650 _aHERTFORDSHIRE
650 _aHILLINGDON
650 _aINDUSTRIAL MARKET
650 _aLEISURE MARKET
650 _aM25
650 _aPROPERTY-COMMERCIAL PROPERTY-OFFICE PROPERTY-OFFICE PROPERTY MARKET
650 _aPLANNING POLICY
650 _aPROPERTY-COMMERCIAL PROPERTY-RETAIL PROPERTY-RETAIL PROPERTY MARKET
650 _aRICKMANSWORTH
650 _aST ALBANS
650 _aTOWN CENTRE RETAILING
650 _aUXBRIDGE
650 _aWATFORD
650 _aWELWYN HATFIELD
690 _aPROPERTY-COMMERCIAL PROPERTY-COMMERCIAL PROPERTY MARKET
942 _n0
948 _c28/10/1998
999 _c56510
_d56510